[Event "Bodensee op"]
[Site "Bregenz"]
[Date "2024.05.11"]
[Round "8"]
[White "Pragnya, HG."]
[Black "Feistauer, Dirk"]
[Result "1-0"]
[WhiteElo "1900"]
[BlackElo "1993"]
[PlyCount "69"]
[EventDate "2024.05.04"]
[EventType "swiss"]
[EventRounds "9"]
[EventCountry "AUT"]
[SourceTitle "CB20_2024"]
[SourceDate "2024.05.16"]
[SourceVersion "1"]
[SourceVersionDate "2024.05.16"]
[SourceQuality "1"]

1. e4 e6 2. d4 d5 3. e5 c5 4. c3 Qb6 5. Nf3 Nc6 6. a3 Nh6 7. Bd3 cxd4 8. cxd4 Nf5 9. Bxf5 exf5 10. Nc3 Be6 11. 0-0 Be7 12. b4 0-0 13. Be3 Rac8 14. Qd3 Qd8 15. g3 Qd7 16. h4 f6 17. Ne2 Bf7 18. Nf4 Rfd8 19. Rad1 h6 20. Rfe1 Re8 21. Bc1 Nd8 22. exf6 Bxf6 23. Ne5 Bxe5 24. dxe5 Nc6 25. Bb2 Rcd8 26. b5 Nb8 27. e6 Bxe6 28. Qd4 Kf8 29. Rxe6 Rxe6 30. Qxg7+ Ke8 31. Qg8+ Ke7 32. Nxd5+ Qxd5 33. Qg7+ Kd6 34. Rxd5+ Kxd5 35. Qd4# 1-0

[Event "Titled Tuesday intern op 30th Apr Early"]
[Site "Chess.com INT"]
[Date "2024.04.30"]
[Round "1"]
[White "Domalchuk Jonasson, Aleksandr"]
[Black "Pragnya, HG."]
[Result "1-0"]
[WhiteElo "2368"]
[BlackElo "1900"]
[PlyCount "95"]
[EventDate "2024.04.30"]
[EventType "swiss (blitz)"]
[EventRounds "11"]
[EventCountry "USA"]
[SourceTitle "CB19_2024"]
[SourceDate "2024.05.08"]
[SourceVersion "1"]
[SourceVersionDate "2024.05.08"]
[SourceQuality "1"]

1. Nf3 Nf6 2. g3 g6 3. Bg2 c5 4. 0-0 Bg7 5. b3 0-0 6. Bb2 Nc6 7. c4 d5 8. cxd5 Nxd5 9. Bxg7 Kxg7 10. Nc3 Bg4 11. Rc1 Rc8 12. h3 Bxf3 13. Bxf3 Nxc3 14. Rxc3 b6 15. Bg2 Qd6 16. d3 Rfd8 17. Qa1 Qf6 18. e3 Ne5 19. d4 Nd7 20. Rfc1 Rb8 21. d5 Ne5 22. e4 g5 23. Rf1 Ng6 24. Rf3 Qxa1 25. Rxa1 h6 26. a4 Ne5 27. Rc3 Rbc8 28. f4 gxf4 29. gxf4 Ng6 30. Rf1 f5 31. Rg3 Kf7 32. e5 Nh4 33. Bh1 Rg8 34. Kh2 a6 35. d6 exd6 36. Bd5+ Ke7 37. Rxg8 Rxg8 38. Bxg8 dxe5 39. fxe5 Ng6 40. Rxf5 b5 41. e6 c4 42. axb5 cxb3 43. bxa6 b2 44. Rb5 Kf8 45. a7 Kxg8 46. a8Q+ Kg7 47. Qe8 Kf6 48. Qf7# 1-0

[Event "Titled Tuesday intern op 30th Apr Early"]
[Site "Chess.com INT"]
[Date "2024.04.30"]
[Round "11"]
[White "Pragnya, HG."]
[Black "Karimova, Guldona"]
[Result "0-1"]
[WhiteElo "1900"]
[BlackElo "2013"]
[PlyCount "120"]
[EventDate "2024.04.30"]
[EventType "swiss (blitz)"]
[EventRounds "11"]
[EventCountry "USA"]
[SourceTitle "CB19_2024"]
[SourceDate "2024.05.08"]
[SourceVersion "1"]
[SourceVersionDate "2024.05.08"]
[SourceQuality "1"]

1. c4 f5 2. Nc3 Nf6 3. d3 g6 4. g3 Bg7 5. Bg2 0-0 6. Nf3 d6 7. 0-0 c6 8. Rb1 e5 9. b4 a6 10. Qc2 Nbd7 11. a4 h6 12. b5 axb5 13. axb5 Nc5 14. Nd2 Qc7 15. Nb3 Nxb3 16. Qxb3 Be6 17. bxc6 bxc6 18. Qb7 Rac8 19. Ba3 Rfd8 20. Rb6 Qxb7 21. Rxb7 Bf8 22. Na4 d5 23. Bxf8 Kxf8 24. Nb6 Rb8 25. Rxb8 Rxb8 26. c5 Nd7 27. Nxd7+ Bxd7 28. f4 e4 29. d4 Rb2 30. Re1 Rd2 31. e3 Bc8 32. Bf1 Ra2 33. Re2 Ra1 34. Kg2 Ba6 35. Rf2 Bxf1+ 36. Rxf1 Ra2+ 37. Rf2 Ra3 38. Re2 Ke7 39. Kf2 Kd7 40. Rb2 Kc7 41. h3 h5 42. Re2 Ra5 43. g4 h4 44. gxf5 gxf5 45. Re1 Ra2+ 46. Re2 Rxe2+ 47. Kxe2 Kb7 48. Kd2 Ka6 49. Kc3 Ka5 50. Kc2 Ka4 51. Kb2 Kb4 52. Kc2 Kc4 53. Kd2 Kb3 54. Kd1 Kc3 55. Ke2 Kc2 56. Ke1 Kd3 57. Kf2 Kd2 58. Kf1 Kxe3 59. Kg2 Kxf4 60. Kg1 Kf3 0-1

[Event "Titled Tuesday intern op 30th Apr Early"]
[Site "Chess.com INT"]
[Date "2024.04.30"]
[Round "7"]
[White "Sriram, Jha"]
[Black "Pragnya, HG."]
[Result "1-0"]
[WhiteElo "2312"]
[BlackElo "1900"]
[PlyCount "58"]
[EventDate "2024.04.30"]
[EventType "swiss (blitz)"]
[EventRounds "11"]
[EventCountry "USA"]
[SourceTitle "CB19_2024"]
[SourceDate "2024.05.08"]
[SourceVersion "1"]
[SourceVersionDate "2024.05.08"]
[SourceQuality "1"]

1. e4 e5 2. Nf3 Nc6 3. Bb5 a6 4. Ba4 Nf6 5. 0-0 Be7 6. d3 0-0 7. Bxc6 dxc6 8. Nxe5 Bd6 9. Nc4 Nd7 10. Nxd6 cxd6 11. Bf4 Nc5 12. Nc3 Qf6 13. Qd2 Re8 14. Rae1 Bg4 15. d4 Nd7 16. Bg3 c5 17. Nd5 Qd8 18. Bxd6 cxd4 19. Nc7 Ne5 20. Bxe5 Rxe5 21. Nxa8 Bf3 22. Qf4 Bxg2 23. Kxg2 Rg5+ 24. Kh1 Rh5 25. Nc7 g5 26. Qg3 Qf6 27. Nd5 Qe6 28. f4 h6 29. f5 Qb6 1-0

[Event "Swiss Queens Wed #8"]
[Site "FIDE Online Arena INT"]
[Date "2024.03.20"]
[Round "11"]
[White "Chandra, Vania Vindy"]
[Black "Pragnya, HG."]
[Result "0-1"]
[WhiteElo "1876"]
[BlackElo "1900"]
[PlyCount "64"]
[EventDate "2024.03.20"]
[EventType "swiss (blitz)"]
[EventRounds "11"]
[EventCountry "NET"]
[SourceTitle "CB13_2024"]
[SourceDate "2024.03.27"]
[SourceVersion "1"]
[SourceVersionDate "2024.03.27"]
[SourceQuality "1"]

1. d4 Nf6 2. c4 e6 3. a3 d5 4. Nc3 c6 5. c5 Be7 6. Nf3 0-0 7. Bf4 Nbd7 8. e3 Nh5 9. Be5 f6 10. g4 fxe5 11. gxh5 e4 12. Nd2 Bh4 13. Ndxe4 dxe4 14. Nxe4 Nf6 15. Ng3 Qd5 16. Rg1 Bxg3 17. hxg3 Qxh5 18. Be2 Qh2 19. Rf1 Ne4 20. Bf3 Ng5 21. Be2 e5 22. Qb3+ Kh8 23. 0-0-0 Be6 24. Qxb7 exd4 25. exd4 Bd5 26. Bd3 Rae8 27. f4 Nh3 28. Qd7 Nf2 29. Bc2 Nxd1 30. Rxd1 Qxg3 31. Kb1 Qxf4 32. Qh3 Be4 0-1

[Event "Swiss Queens Wed #8"]
[Site "FIDE Online Arena INT"]
[Date "2024.03.20"]
[Round "3"]
[White "Kanyamarala, Trisha"]
[Black "Pragnya, HG."]
[Result "0-1"]
[WhiteElo "2294"]
[BlackElo "1900"]
[PlyCount "122"]
[EventDate "2024.03.20"]
[EventType "swiss (blitz)"]
[EventRounds "11"]
[EventCountry "NET"]
[SourceTitle "CB13_2024"]
[SourceDate "2024.03.27"]
[SourceVersion "1"]
[SourceVersionDate "2024.03.27"]
[SourceQuality "1"]

1. c4 e5 2. Nc3 Nf6 3. g3 Bb4 4. Bg2 0-0 5. Nf3 Re8 6. 0-0 c6 7. d3 h6 8. a3 Bxc3 9. bxc3 d5 10. cxd5 cxd5 11. a4 Nc6 12. Ba3 Be6 13. Rb1 Qd7 14. Re1 e4 15. Nd4 Bh3 16. Nb5 Bxg2 17. Kxg2 Re6 18. dxe4 Nxe4 19. c4 d4 20. Bb2 Rd8 21. h4 Rf6 22. f3 Nc5 23. e3 Rg6 24. exd4 Ne6 25. Kh2 a6 26. Nc3 Nexd4 27. Nd5 Qd6 28. Rg1 Ne5 29. Bxd4 Nxc4 30. Nf4 Qxd4 31. Qxd4 Rxd4 32. Nxg6 fxg6 33. Rxb7 Rd2+ 34. Kh3 Ne5 35. Rb8+ Kh7 36. Rf1 Nd3 37. g4 Nf2+ 38. Kg3 Nd3 39. g5 h5 40. Rb6 Nc5 41. a5 Rd3 42. Rc1 Ne4+ 43. Kf4 Nf2 44. Rxa6 Nh3+ 45. Kg3 Re3 46. Kxh3 Rxf3+ 47. Kg2 Rf4 48. Kg3 Rg4+ 49. Kh3 Rf4 50. Rb6 Rf3+ 51. Kg2 Rf4 52. a6 Rxh4 53. a7 Rg4+ 54. Kf3 Ra4 55. Rb7 Ra3+ 56. Ke4 Ra4+ 57. Kd5 h4 58. Rc4 Ra5+ 59. Kc6 h3 60. Rh4+ Kg8 61. Rb8+ Kf7 0-1

[Event "Swiss Queens Wed #8"]
[Site "FIDE Online Arena INT"]
[Date "2024.03.20"]
[Round "9"]
[White "Milner, Romi"]
[Black "Pragnya, HG."]
[Result "0-1"]
[WhiteElo "1830"]
[BlackElo "1900"]
[PlyCount "44"]
[EventDate "2024.03.20"]
[EventType "swiss (blitz)"]
[EventRounds "11"]
[EventCountry "NET"]
[SourceTitle "CB13_2024"]
[SourceDate "2024.03.27"]
[SourceVersion "1"]
[SourceVersionDate "2024.03.27"]
[SourceQuality "1"]

1. d4 Nf6 2. Bf4 b6 3. Nf3 Bb7 4. e3 d6 5. Nbd2 g6 6. h3 Bg7 7. c3 0-0 8. Be2 Nbd7 9. Qc2 Re8 10. 0-0 e5 11. Bh2 e4 12. Ne1 Qe7 13. c4 Rac8 14. b4 c5 15. bxc5 dxc5 16. Nb3 cxd4 17. Nxd4 Ne5 18. Rd1 Nxc4 19. Bxc4 Bd5 20. Ne2 Bxc4 21. Bd6 Qb7 22. Qa4 Bxe2 0-1

[Event "Wch U16 Girls"]
[Site "Montesilvano"]
[Date "2023.11.16"]
[Round "4"]
[White "Pragnya, HG."]
[Black "Kheerthi, Ganta"]
[Result "1/2-1/2"]
[WhiteElo "1679"]
[BlackElo "2030"]
[PlyCount "127"]
[EventDate "2023.11.13"]
[EventType "swiss"]
[EventRounds "11"]
[EventCountry "ITA"]
[SourceTitle "CB48_2023"]
[SourceDate "2023.11.29"]
[SourceVersion "1"]
[SourceVersionDate "2023.11.29"]
[SourceQuality "1"]

1. e4 e5 2. Nf3 Nc6 3. Bc4 Bc5 4. c3 Nf6 5. d3 d6 6. Nbd2 a6 7. 0-0 Ba7 8. Bb3 h6 9. Re1 Be6 10. Nf1 Qe7 11. Be3 Bxe3 12. Nxe3 0-0 13. Nh4 Qd7 14. Qf3 Ne7 15. Bc2 c5 16. a3 Rfe8 17. Red1 Rac8 18. Rac1 d5 19. Nhf5 Bxf5 20. Nxf5 Nxf5 21. Qxf5 Qxf5 22. exf5 h5 23. f3 b5 24. b3 Kf8 25. Kf2 Ke7 26. Bb1 Kd6 27. b4 c4 28. d4 e4 29. Re1 a5 30. Bc2 axb4 31. axb4 Ra8 32. Ra1 exf3 33. Kxf3 Rxa1 34. Rxa1 Ng4 35. h3 Re3+ 36. Kf4 Rxc3 37. hxg4 Rxc2 38. Ra6+ Kc7 39. gxh5 Rxg2 40. Ra7+ Kb6 41. Rxf7 c3 42. Rf8 Kc7 43. Rf7+ Kd6 44. Rf8 Ke7 45. Rc8 Re2 46. Rxc3 Re4+ 47. Kg5 Rxd4 48. Rc7+ Kf8 49. Rc8+ Kf7 50. Rc7+ Kg8 51. h6 gxh6+ 52. Kf6 Rxb4 53. Rg7+ Kh8 54. Rd7 Ra4 55. Rxd5 Ra6+ 56. Kf7 Rb6 57. f6 Kh7 58. Rd7 b4 59. Ke8+ Kg6 60. f7 Rb8+ 61. Ke7 Kg7 62. Rd3 Rb7+ 63. Ke8 Rb8+ 64. Ke7 1/2-1/2

[Event "Asia-ch U20 Girls"]
[Site "Jamshedpur"]
[Date "2023.09.15"]
[Round "9"]
[White "Pragnya, HG."]
[Black "Wadifa, Ahmed"]
[Result "1-0"]
[WhiteElo "1624"]
[BlackElo "1833"]
[PlyCount "87"]
[EventDate "2023.09.09"]
[EventType "swiss"]
[EventRounds "9"]
[EventCountry "IND"]
[SourceTitle "EXT 2024"]
[Source "ChessBase"]
[SourceDate "2023.10.10"]
[SourceVersion "1"]
[SourceVersionDate "2023.10.10"]
[SourceQuality "1"]

1. e4 e5 2. Nf3 Nf6 3. Nxe5 d6 4. Nf3 Nxe4 5. Nc3 Nxc3 6. dxc3 Be7 7. Bf4 Nd7 8. Qd2 Nf6 9. 0-0-0 Bf5 10. Nd4 Bg6 11. Bb5+ Nd7 12. h4 h6 13. h5 Bh7 14. g4 c6 15. Bxc6 0-0 16. Bxd7 Qxd7 17. g5 Bxg5 18. Bxg5 hxg5 19. Qxg5 f6 20. Qd5+ Kh8 21. Ne6 Bg8 22. Nxf8 Bxd5 23. Nxd7 Bxh1 24. Rxh1 Rd8 25. Nxf6 gxf6 26. Kd2 Re8 27. Re1 Rxe1 28. Kxe1 Kh7 29. Ke2 Kh6 30. Ke3 Kxh5 31. Kf4 Kg6 32. Ke4 Kg5 33. c4 Kg4 34. f3+ Kg5 35. b4 f5+ 36. Ke3 b6 37. c3 a6 38. a3 Kf6 39. f4 Kg6 40. Kd4 Kh5 41. Kd5 Kg4 42. Kxd6 Kxf4 43. c5 bxc5 44. bxc5 1-0

[Event "Asia-ch U20 Girls"]
[Site "Jamshedpur"]
[Date "2023.09.12"]
[Round "5"]
[White "Sanchita, Yadav"]
[Black "Pragnya, HG."]
[Result "1/2-1/2"]
[WhiteElo "1370"]
[BlackElo "1624"]
[PlyCount "119"]
[EventDate "2023.09.09"]
[EventType "swiss"]
[EventRounds "9"]
[EventCountry "IND"]
[SourceTitle "EXT 2024"]
[Source "ChessBase"]
[SourceDate "2023.10.10"]
[SourceVersion "1"]
[SourceVersionDate "2023.10.10"]
[SourceQuality "1"]

1. e4 c5 2. c3 Nf6 3. e5 Nd5 4. d4 cxd4 5. cxd4 d6 6. Nf3 Nc6 7. Bc4 Nb6 8. Bb5 Bd7 9. exd6 e6 10. Nc3 Bxd6 11. 0-0 Nb4 12. a3 N4d5 13. Bg5 f6 14. Bd2 Nxc3 15. Bxd7+ Qxd7 16. Bxc3 Nd5 17. Qb3 0-0 18. Rfe1 Rfe8 19. Nd2 Rac8 20. Nc4 Bb8 21. Ne3 Qc7 22. g3 Nxc3 23. bxc3 Qxc3 24. Qxb7 Qxd4 25. Red1 Qb6 26. Rab1 Qxb7 27. Rxb7 Rc7 28. Rdb1 Rxb7 29. Rxb7 Kf8 30. Nc4 Rc8 31. Na5 Bd6 32. Rxa7 Bxa3 33. Nb3 Be7 34. Nd4 Kf7 35. Ra6 e5 36. Nf5 Rc7 37. Nxe7 Rxe7 38. Kg2 f5 39. Kf3 Re6 40. Ra8 Rb6 41. Ke3 Rb3+ 42. Ke2 Rb2+ 43. Ke3 Rb6 44. Kf3 h6 45. h4 Rb3+ 46. Ke2 f4 47. g4 e4 48. Ra7+ Kf6 49. Ra6+ Ke5 50. Ra5+ Kd4 51. Ra4+ Kd5 52. Ra5+ Kc4 53. Ra7 f3+ 54. Kd2 e3+ 55. fxe3 Rb2+ 56. Ke1 Kd3 57. Re7 Rh2 58. g5 Rxh4 59. gxh6 Rxh6 60. Kf2 1/2-1/2

[Event "Asia-ch Rapid U20 Girls"]
[Site "Jamshedpur"]
[Date "2023.09.08"]
[Round "9"]
[White "Pragnya, HG."]
[Black "Vakcheri, Mohitha"]
[Result "1/2-1/2"]
[WhiteElo "1544"]
[BlackElo "1537"]
[PlyCount "83"]
[EventDate "2023.09.08"]
[EventType "swiss (rapid)"]
[EventRounds "9"]
[EventCountry "IND"]
[SourceTitle "EXT 2024"]
[Source "ChessBase"]
[SourceDate "2023.10.10"]
[SourceVersion "1"]
[SourceVersionDate "2023.10.10"]
[SourceQuality "1"]

1. c4 e5 2. Nc3 Nf6 3. g3 d5 4. cxd5 Nxd5 5. Bg2 Nb6 6. d3 Nc6 7. Nf3 Be7 8. 0-0 0-0 9. a3 a5 10. Bd2 Be6 11. Rc1 a4 12. Be3 Bb3 13. Qe1 Nd5 14. Nxd5 Bxd5 15. Bc5 f6 16. Bxe7 Qxe7 17. Qc3 Rfd8 18. Nd2 Bxg2 19. Kxg2 Qd7 20. Nf3 Kh8 21. Kg1 Qe7 22. Qc5 Qe8 23. Rc4 f5 24. Qb5 e4 25. dxe4 fxe4 26. Ng5 e3 27. f4 Rdb8 28. Qd5 h6 29. Re4 Qf8 30. Ne6 Qf7 31. Qc5 Re8 32. f5 Ra5 33. Qxe3 Rxf5 34. Rxf5 Qxf5 35. Nc5 Rxe4 36. Nxe4 Qe5 37. Qf4 Qd4+ 38. Kg2 Qxb2 39. Qf8+ Kh7 40. Qf5+ Kh8 41. Qf8+ Kh7 42. Qf5+ 1/2-1/2

[Event "IND-ch U15 Girls 38th"]
[Site "New Delhi"]
[Date "2022.12.05"]
[Round "10"]
[White "Pragnya, HG."]
[Black "Sai, Mahati A"]
[Result "1-0"]
[WhiteElo "1640"]
[BlackElo "1575"]
[PlyCount "151"]
[EventDate "2022.11.28"]
[EventType "swiss"]
[EventRounds "11"]
[EventCountry "IND"]
[SourceTitle "CBM 211 Extra"]
[Source "ChessBase"]
[SourceDate "2023.01.31"]
[SourceVersion "1"]
[SourceVersionDate "2023.01.31"]
[SourceQuality "1"]

1. e4 c5 2. Nf3 e6 3. d4 cxd4 4. Nxd4 Nc6 5. Nc3 Qc7 6. Be3 a6 7. Qf3 Nf6 8. 0-0-0 Ne5 9. Qg3 b5 10. f4 Neg4 11. Bg1 b4 12. Na4 Nh6 13. Qf3 Bb7 14. Bd3 Be7 15. h3 d5 16. e5 Ne4 17. Bxe4 dxe4 18. Qe3 Rc8 19. Qe2 0-0 20. g4 Rfd8 21. Be3 Kh8 22. Nb3 Bc6 23. Nac5 Bd5 24. Kb1 a5 25. Bd4 Ra8 26. Na4 Rdb8 27. Bc5 Bxb3 28. cxb3 Bxc5 29. Rc1 f5 30. exf6 gxf6 31. Qxe4 f5 32. Qf3 Qb7 33. Qxb7 Rxb7 34. Nxc5 Re7 35. gxf5 Nxf5 36. Rhe1 Rae8 37. Re5 Nd4 38. Rd1 Nc6 39. Re4 e5 40. f5 Nd4 41. f6 Rc7 42. f7 Rf8 43. Rxe5 Nf3 44. Ne6 Nxe5 45. Nxc7 Rxf7 46. Ne6 h6 47. Rd5 Rf1+ 48. Kc2 Rf2+ 49. Kc1 Rf1+ 50. Kd2 Rf5 51. Ke2 Kg8 52. Nd4 Rg5 53. h4 Rg2+ 54. Kf1 Rd2 55. Rxe5 Rxd4 56. Rxa5 Rd2 57. Re5 Rxb2 58. Re2 Rb1+ 59. Kg2 Rd1 60. Kf3 Ra1 61. Kg4 Kg7 62. Kf5 Rf1+ 63. Ke6 Rf6+ 64. Kd5 Rf4 65. Re4 Rf2 66. Kc5 Rxa2 67. Kxb4 Kf6 68. Kc5 Kf5 69. Rc4 Ra8 70. b4 Rc8+ 71. Kb5 Rb8+ 72. Ka6 Ra8+ 73. Kb7 Ra2 74. b5 h5 75. b6 Rb2 76. Kc7 1-0

[Event "IND-ch U15 Girls 38th"]
[Site "New Delhi"]
[Date "2022.11.30"]
[Round "4"]
[White "Pragnya, HG."]
[Black "Aadya, Gupta"]
[Result "0-1"]
[WhiteElo "1640"]
[BlackElo "1350"]
[PlyCount "100"]
[EventDate "2022.11.28"]
[EventType "swiss"]
[EventRounds "11"]
[EventCountry "IND"]
[SourceTitle "CBM 211 Extra"]
[Source "ChessBase"]
[SourceDate "2023.01.31"]
[SourceVersion "1"]
[SourceVersionDate "2023.01.31"]
[SourceQuality "1"]

1. e4 e5 2. Nf3 Nc6 3. Bc4 Bc5 4. c3 Nf6 5. d3 a6 6. Nbd2 d6 7. h3 Ba7 8. Bb3 Ne7 9. Nf1 Ng6 10. Qe2 Be6 11. Bc2 h6 12. Ng3 c6 13. Nf5 Bxf5 14. exf5 Ne7 15. d4 exd4 16. Nxd4 0-0 17. 0-0 Re8 18. Qf3 d5 19. Qg3 Bb8 20. Qh4 Qd6 21. f4 Ne4 22. Qg4 Qf6 23. Bxe4 dxe4 24. Be3 Ba7 25. Rae1 c5 26. Nb3 Rac8 27. Nd2 Nxf5 28. Kh2 Rcd8 29. Nc4 b5 30. Na3 Rd3 31. Nc2 Qe6 32. Qh5 g6 33. Qe2 Qxa2 34. Nb4 cxb4 35. Bxa7 Qc4 36. Bf2 bxc3 37. b3 Qc8 38. Qg4 e3 39. Bg1 c2 40. Qe2 Rd2 41. Qg4 e2 42. Rf2 c1Q 43. Rxc1 Qxc1 44. Rxe2 Rexe2 45. Bb6 Qf1 46. h4 Rxg2+ 47. Qxg2 Re2 48. Bf2 Rxf2 49. Qxf2 Qxf2+ 50. Kh1 Ng3# 0-1

[Event "Wch U14 Girls"]
[Site "Mamaia"]
[Date "2022.09.16"]
[Round "11"]
[White "Khuslen, Erdenebayar"]
[Black "Pragnya, HG."]
[Result "0-1"]
[WhiteElo "1439"]
[BlackElo "1505"]
[PlyCount "160"]
[EventDate "2022.09.06"]
[EventType "swiss"]
[EventRounds "11"]
[EventCountry "ROU"]
[SourceTitle "CBM 210 Extra"]
[Source "ChessBase"]
[SourceDate "2022.11.30"]
[SourceVersion "1"]
[SourceVersionDate "2022.11.30"]
[SourceQuality "1"]

1. d4 Nf6 2. c4 e6 3. Nc3 d5 4. cxd5 exd5 5. Bg5 Be7 6. e3 c6 7. Bd3 Nbd7 8. Qc2 Nf8 9. Nf3 h6 10. Bh4 Ne6 11. 0-0 0-0 12. Rab1 b6 13. b4 Bb7 14. a4 Rc8 15. a5 Nd7 16. Bg3 Ng5 17. Nxg5 Bxg5 18. a6 Ba8 19. Bh7+ Kh8 20. Bf5 g6 21. Bg4 f5 22. Be2 Bf6 23. Qd2 Qe7 24. Rfd1 h5 25. h3 Bg5 26. b5 Bh4 27. Bh2 Kh7 28. bxc6 Bxc6 29. Bb5 Nf6 30. Bxc6 Rxc6 31. Be5 Ne4 32. Nxe4 fxe4 33. g3 Bf6 34. Bxf6 Rcxf6 35. Rf1 Rf3 36. Kg2 h4 37. g4 Qg5 38. Qe2 Qe7 39. Rbc1 Qd6 40. Qe1 Qd7 41. Qc3 R8f7 42. Qc8 Qd6 43. g5 Rxf2+ 44. Rxf2 Qg3+ 45. Kh1 Qxf2 46. Qg4 Kg7 47. Rg1 Kg8 48. Qc8+ Kg7 49. Qg4 Rc7 50. Qe6 Qf5 51. Qe5+ Qxe5 52. dxe5 Kf7 53. Rf1+ Ke6 54. Rf6+ Kxe5 55. Kg1 d4 56. exd4+ Kxd4 57. Rxg6 Ke3 58. Re6 Kf3 59. g6 Rg7 60. Kf1 b5 61. Ke1 Ke3 62. Kd1 b4 63. Kc2 Kf3 64. Kb3 e3 65. Kxb4 e2 66. Rf6+ Kg3 67. Re6 Kf2 68. Rf6+ Ke1 69. Re6 Rd7 70. Kc5 Kd1 71. Kc6 Rg7 72. Rd6+ Kc2 73. Re6 Rxg6 74. Rxg6 e1Q 75. Rd6 Qh1+ 76. Kc7 Qxh3 77. Rc6+ Kb3 78. Kb8 Qe3 79. Rc7 Kb4 80. Rxa7 Kb5 0-1

[Event "Wch U14 Girls"]
[Site "Mamaia"]
[Date "2022.09.06"]
[Round "1"]
[White "Pragnya, HG."]
[Black "Nurgaliyeva, Zarina"]
[Result "0-1"]
[WhiteElo "1505"]
[BlackElo "2088"]
[PlyCount "104"]
[EventDate "2022.09.06"]
[EventType "swiss"]
[EventRounds "11"]
[EventCountry "ROU"]
[SourceTitle "CBM 210 Extra"]
[Source "ChessBase"]
[SourceDate "2022.11.30"]
[SourceVersion "1"]
[SourceVersionDate "2022.11.30"]
[SourceQuality "1"]

1. e4 e5 2. Nf3 Nc6 3. Bc4 Nf6 4. d3 h6 5. c3 d6 6. b4 g6 7. Qb3 Qe7 8. 0-0 Bg7 9. Nbd2 0-0 10. Re1 Nh5 11. Bb2 Kh7 12. d4 f5 13. dxe5 Nxe5 14. exf5 gxf5 15. Nxe5 dxe5 16. Be2 Nf4 17. c4 Bd7 18. b5 Rg8 19. Bf1 e4 20. g3 Ne6 21. Bxg7 Qxg7 22. Rac1 Nd4 23. Qc3 Be6 24. Bg2 Rad8 25. f3 Qg5 26. Nb3 Nxb3 27. axb3 Bf7 28. fxe4 f4 29. e5 Be6 30. Rcd1 Rdf8 31. Rd3 Qh5 32. Qd2 f3 33. Bxf3 Rxf3 34. Qe2 Rgf8 35. Qe4+ Kh8 36. Rxf3 Qxf3 37. Qe3 Qxe3+ 38. Rxe3 Bh3 39. Re1 Kg7 40. b4 Kf7 41. c5 Ke6 42. b6 axb6 43. cxb6 cxb6 44. Rd1 Kxe5 45. b5 Ke4 46. g4 Bxg4 47. Re1+ Kd5 48. Re7 Bh3 49. Re1 Kc5 50. Re5+ Kb4 51. Re4+ Ka5 52. Kh1 Rf1# 0-1